000 00813nam a2200265Ia 4500
003 OSt
005 20220918171254.0
006 a|||||r|||| 00| 0
007 ta
008 220917b |||||||| |||| 00| 0 eng d
020 _a9781446276044 (pbk)
_c28.99
024 _a317,532
037 _b2933, 14/03/2017, Govinda Book House
_cTextual
040 _aARTS
_cARTS
_beng
041 _2eng
_aeng
082 _aS2:86, Q6
100 _aGeldard Kathryn Au.
_935248
245 0 _aCounselling adolescents
_b practical approach for young people
250 _a4th
260 _aLondon
_bSage UK
_c2016
300 _axi,348p.
_ccm.
650 _aADOLESCENCE; COUNSELING
_930843
942 _hS2:86, Q6
_cTEXL
_2CC
999 _c138688
_d138688